[Event "BI-2015-P-0000"]
[Site "LSS email"]
[Date "2015.04.16"]
[Round "?"]
[White "Malkin, Alex"]
[Black "Grammatica, Andrea"]
[Result "1/2-1/2"]
[WhiteElo "2137"]
[BlackElo "2240"]
[PlyCount "51"]
[EventDate "2015.04.22"]
[EventType "tourn (corr)"]
[EventRounds "10"]
[EventCountry "GER"]
[SourceTitle "Corr 2022"]
[Source "ChessBase"]
[SourceDate "2021.10.24"]
[SourceVersion "1"]
[SourceVersionDate "2021.10.24"]
[SourceQuality "1"]

1. e4 g6 2. d4 Bg7 3. Nc3 d6 4. Be3 a6 5. a4 b6 6. Nf3 Nf6 7. h3 0-0 8. Bd3 Bb7 9. 0-0 Nc6 10. Qd2 Nb4 11. a5 bxa5 12. Rxa5 c5 13. Rfa1 cxd4 14. Nxd4 Rb8 15. Nb3 Nxd3 16. Qxd3 Nd7 17. R5a4 Ne5 18. Qd2 f5 19. exf5 gxf5 20. f4 Nc6 21. Nd5 e6 22. Nb4 Bxb2 23. Rb1 a5 24. Rxb2 axb4 25. Nd4 Rf6 26. Nxc6 1/2-1/2

[Event "BI-2015-P-0000"]
[Site "LSS email"]
[Date "2015.04.16"]
[Round "?"]
[White "Malkin, Alex"]
[Black "Schmidt, Johannes"]
[Result "1/2-1/2"]
[WhiteElo "2137"]
[BlackElo "1459"]
[PlyCount "79"]
[EventDate "2015.04.22"]
[EventType "tourn (corr)"]
[EventRounds "10"]
[EventCountry "GER"]
[SourceTitle "Corr 2022"]
[Source "ChessBase"]
[SourceDate "2021.10.24"]
[SourceVersion "1"]
[SourceVersionDate "2021.10.24"]
[SourceQuality "1"]

1. e4 c5 2. c3 Nf6 3. e5 Nd5 4. d4 cxd4 5. cxd4 d6 6. Nf3 Nc6 7. Bc4 Nb6 8. Bb5 Bd7 9. Nc3 dxe5 10. dxe5 g6 11. 0-0 Bg7 12. Qe2 0-0 13. Rd1 Qc8 14. h3 a6 15. Bxc6 Bxc6 16. Be3 Nd7 17. e6 fxe6 18. Nd4 Bxd4 19. Bxd4 e5 20. Be3 Rf7 21. Bh6 Nb6 22. Qxe5 Qf5 23. Qd4 Nc4 24. Qd8+ Rf8 25. Bxf8 Rxd8 26. Rxd8 Kf7 27. Re1 Ne5 28. Bh6 Nd7 29. f4 Qc2 30. Re2 Qd3 31. Kh2 e6 32. a3 Qd4 33. Bg5 Qd6 34. Ne4 Qd3 35. Ng3 h5 36. Rc8 Qd4 37. b4 Qd6 38. h4 Nf8 39. Rd8 Nd7 40. Kh3 1/2-1/2

[Event "BI-2013-F-0008"]
[Site "LSS email"]
[Date "2014.02.21"]
[Round "?"]
[White "Fuzishawa, Richard Mitsuo"]
[Black "Malkin, Alex"]
[Result "1/2-1/2"]
[WhiteElo "2136"]
[BlackElo "2084"]
[PlyCount "70"]
[EventDate "2014.02.27"]
[EventType "tourn (corr)"]
[EventRounds "10"]
[EventCountry "GER"]
[SourceTitle "Corr 2015"]
[Source "ChessBase"]
[SourceDate "2015.07.17"]
[SourceVersion "1"]
[SourceVersionDate "2015.07.17"]
[SourceQuality "1"]

1. d4 Nf6 2. c4 e6 3. Nc3 d5 4. cxd5 exd5 5. Bg5 c6 6. e3 Be7 7. Bd3 Nbd7 8. Qc2 0-0 9. Nge2 Re8 10. 0-0 Nf8 11. Rac1 g6 12. Nf4 Ne6 13. Nxe6 Bxe6 14. a3 Nh5 15. Bxe7 Rxe7 16. b4 Ng7 17. Qb1 a6 18. Ne2 Bf5 19. a4 Bxd3 20. Qxd3 Rc7 21. Qb3 Nf5 22. Nf4 Nd6 23. Rfd1 Re7 24. Rd2 a5 25. b5 cxb5 26. axb5 a4 27. Qxd5 Rc7 28. Rdd1 a3 29. Ra1 Rcc8 30. e4 Ra5 31. e5 Nxb5 32. Qxb7 Nc3 33. Re1 Rb8 34. Qc6 Rc8 35. Qb7 Rb8 1/2-1/2

[Event "BI-2013-F-0008"]
[Site "LSS email"]
[Date "2014.02.21"]
[Round "?"]
[White "Malkin, Alex"]
[Black "Von der Heydt, Hans Joachim"]
[Result "1/2-1/2"]
[WhiteElo "2084"]
[BlackElo "1982"]
[PlyCount "81"]
[EventDate "2014.02.27"]
[EventType "tourn (corr)"]
[EventRounds "10"]
[EventCountry "GER"]
[SourceTitle "Corr 2015"]
[Source "ChessBase"]
[SourceDate "2015.07.17"]
[SourceVersion "1"]
[SourceVersionDate "2015.07.17"]
[SourceQuality "1"]

1. e4 e5 2. Nf3 Nc6 3. d4 exd4 4. Nxd4 Bc5 5. Nxc6 Qf6 6. Qd2 dxc6 7. Nc3 Ne7 8. Qf4 Be6 9. Qxf6 gxf6 10. Na4 Bb4+ 11. c3 Bd6 12. Be3 b6 13. f4 0-0-0 14. Kf2 c5 15. b3 Bd7 16. c4 Rhe8 17. Nc3 Nc6 18. Nd5 Bf8 19. Rd1 Bg7 20. Bd3 Kb7 21. g4 a5 22. Rhg1 h6 23. Bb1 Rh8 24. Rd2 Nd4 25. f5 Bc6 26. Rg3 Bf8 27. Rh3 Bd6 28. Bc2 Bxd5 29. exd5 a4 30. bxa4 Nxc2 31. Rxc2 Ra8 32. Kg2 Be5 33. a5 Rxa5 34. Rxh6 Rha8 35. Rh7 Ra3 36. Kf2 Rd3 37. Bc1 Rd1 38. Kf3 Rd4 39. a3 Re8 40. h3 Rd3+ 41. Ke2 1/2-1/2

[Event "BI-2013-F-0008"]
[Site "LSS email"]
[Date "2014.02.21"]
[Round "?"]
[White "Zavrazhnov, Andrey Anatolievich"]
[Black "Malkin, Alex"]
[Result "1/2-1/2"]
[WhiteElo "2175"]
[BlackElo "2084"]
[PlyCount "67"]
[EventDate "2014.02.27"]
[EventType "tourn (corr)"]
[EventRounds "10"]
[EventCountry "GER"]
[SourceTitle "Corr 2015"]
[Source "ChessBase"]
[SourceDate "2015.07.17"]
[SourceVersion "1"]
[SourceVersionDate "2015.07.17"]
[SourceQuality "1"]

1. e4 e5 2. Nf3 Nc6 3. Bb5 Nf6 4. 0-0 Nxe4 5. d4 Nd6 6. Bxc6 dxc6 7. dxe5 Nf5 8. Qxd8+ Kxd8 9. Nc3 Ke8 10. h3 h5 11. Bf4 Be7 12. Rad1 Be6 13. Ng5 Rh6 14. g3 Bxg5 15. Bxg5 Rg6 16. h4 f6 17. exf6 gxf6 18. Bf4 Nxh4 19. f3 Rd8 20. Kf2 Rxd1 21. Nxd1 Nf5 22. Rh1 Bxa2 23. Rxh5 Be6 24. Bxc7 Rh6 25. Rxh6 Nxh6 26. g4 Nf7 27. Kg3 Kd7 28. Bb8 a5 29. Ba7 b5 30. Bd4 f5 31. Kf4 fxg4 32. fxg4 Nd6 33. Ne3 Nc4 34. g5 1/2-1/2

[Event "BI-2013-F-0008"]
[Site "LSS email"]
[Date "2014.02.21"]
[Round "?"]
[White "Zielinski, Sergej"]
[Black "Malkin, Alex"]
[Result "1/2-1/2"]
[WhiteElo "2159"]
[BlackElo "2084"]
[PlyCount "68"]
[EventDate "2014.02.27"]
[EventType "tourn (corr)"]
[EventRounds "10"]
[EventCountry "GER"]
[SourceTitle "Corr 2015"]
[Source "ChessBase"]
[SourceDate "2015.07.17"]
[SourceVersion "1"]
[SourceVersionDate "2015.07.17"]
[SourceQuality "1"]

1. c4 Nf6 2. d4 e6 3. Nc3 Bb4 4. e3 0-0 5. Bd3 d5 6. Nf3 c5 7. 0-0 Nc6 8. a3 Bxc3 9. bxc3 dxc4 10. Bxc4 Qc7 11. Bd3 e5 12. Qc2 Re8 13. Nxe5 Nxe5 14. dxe5 Qxe5 15. f3 Bd7 16. e4 Rad8 17. a4 h6 18. Rd1 Bc6 19. Be3 Rd7 20. Bf2 Red8 21. Be2 Nh5 22. Rxd7 Rxd7 23. g3 g5 24. Re1 b6 25. Bc4 Ng7 26. Be3 Ne6 27. Bc1 Kg7 28. Bb2 Qd6 29. Bc1 Qe5 30. Re2 Rd8 31. Kg2 Rd7 32. Bb2 Kg8 33. Re1 g4 34. f4 Bxe4+ 1/2-1/2

[Event "CP-2010-S-00002"]
[Site "LSS email"]
[Date "2013.05.01"]
[Round "?"]
[White "Malkin, Alex"]
[Black "Dolgov, Igor Mikhailovich"]
[Result "1/2-1/2"]
[WhiteElo "2081"]
[BlackElo "2409"]
[PlyCount "66"]
[EventDate "2013.05.05"]
[EventType "tourn (corr)"]
[EventRounds "7"]
[EventCountry "GER"]
[SourceTitle "Telechess CBM 167"]
[Source "ChessBase"]
[SourceDate "2015.07.13"]
[SourceVersion "1"]
[SourceVersionDate "2015.07.13"]
[SourceQuality "1"]

1. e4 c5 2. c3 Nf6 3. e5 Nd5 4. d4 cxd4 5. Nf3 Nc6 6. cxd4 d6 7. Bc4 Nb6 8. Bb3 dxe5 9. d5 Na5 10. Nc3 f6 11. Be3 g6 12. 0-0 Bf5 13. a3 Nxb3 14. Qxb3 Bg7 15. Nd2 Nc8 16. Nde4 Nd6 17. Nxd6+ exd6 18. Qxb7 0-0 19. Qa6 Rf7 20. Rac1 Bc8 21. Qd3 f5 22. b4 a6 23. f3 Rf8 24. Rc2 Bd7 25. Qd2 Rc8 26. Rfc1 Qe7 27. a4 e4 28. f4 Rc4 29. b5 axb5 30. axb5 g5 31. g3 gxf4 32. gxf4 Rfc8 33. Kh1 Bxc3 1/2-1/2

[Event "CP-2010-S-00002"]
[Site "LSS email"]
[Date "2013.05.01"]
[Round "?"]
[White "Malkin, Alex"]
[Black "Garbar, Andrij"]
[Result "1/2-1/2"]
[WhiteElo "2087"]
[BlackElo "2347"]
[PlyCount "27"]
[EventDate "2013.05.05"]
[EventType "tourn (corr)"]
[EventRounds "7"]
[EventCountry "GER"]
[SourceTitle "Corr 2022"]
[Source "ChessBase"]
[SourceDate "2021.10.24"]
[SourceVersion "1"]
[SourceVersionDate "2021.10.24"]
[SourceQuality "1"]

1. e4 e5 2. Nf3 Nf6 3. d4 Nxe4 4. Bd3 d5 5. Nxe5 Nd7 6. Nxd7 Bxd7 7. 0-0 Bd6 8. c4 0-0 9. cxd5 Re8 10. Nc3 Qh4 11. g3 Nxg3 12. fxg3 Bxg3 13. hxg3 Qxg3+ 14. Kh1 1/2-1/2

[Event "BI-2013-P-0000"]
[Site "LSS email"]
[Date "2013.04.22"]
[Round "?"]
[White "Liamtsau, Valery"]
[Black "Malkin, Alex"]
[Result "1/2-1/2"]
[WhiteElo "2366"]
[BlackElo "2085"]
[PlyCount "48"]
[EventDate "2013.04.25"]
[EventType "tourn (corr)"]
[EventRounds "10"]
[EventCountry "GER"]
[SourceTitle "Corr 2022"]
[Source "ChessBase"]
[SourceDate "2021.10.24"]
[SourceVersion "1"]
[SourceVersionDate "2021.10.24"]
[SourceQuality "1"]

1. d4 e6 2. c4 f5 3. g3 Nf6 4. Bg2 c6 5. Nc3 d5 6. Nh3 Bd6 7. 0-0 0-0 8. Qb3 Nbd7 9. Rd1 dxc4 10. Qxc4 Nb6 11. Qb3 Nbd5 12. f3 Qb6 13. e4 Qxb3 14. axb3 fxe4 15. fxe4 Nxc3 16. bxc3 e5 17. Nf2 Be6 18. Be3 exd4 19. cxd4 Ng4 20. Nxg4 Bxg4 21. Rf1 a6 22. Rac1 Rxf1+ 23. Bxf1 Be6 24. Rb1 Re8 1/2-1/2

[Event "BI-2013-P-0000"]
[Site "LSS email"]
[Date "2013.04.22"]
[Round "?"]
[White "Malkin, Alex"]
[Black "Neil, Charles"]
[Result "1-0"]
[WhiteElo "2085"]
[BlackElo "637"]
[PlyCount "35"]
[EventDate "2013.04.25"]
[EventType "tourn (corr)"]
[EventRounds "10"]
[EventCountry "GER"]
[SourceTitle "Corr 2022"]
[Source "ChessBase"]
[SourceDate "2021.10.24"]
[SourceVersion "1"]
[SourceVersionDate "2021.10.24"]
[SourceQuality "1"]

1. e4 e6 2. d4 d5 3. e5 c5 4. c3 Nc6 5. Nf3 Bd7 6. Be2 cxd4 7. cxd4 Qa5+ 8. Nc3 Bb4 9. Bd2 Nge7 10. a3 Bxc3 11. Bxc3 Qb6 12. 0-0 a6 13. Bd3 0-0 14. Ng5 Rac8 15. Bxh7+ Kh8 16. Qh5 g6 17. Bxg6+ Kg7 18. Qh7# 1-0

[Event "BI-2013-P-0000"]
[Site "LSS email"]
[Date "2013.04.22"]
[Round "?"]
[White "Owens, Johnny"]
[Black "Malkin, Alex"]
[Result "0-1"]
[WhiteElo "1996"]
[BlackElo "2085"]
[PlyCount "148"]
[EventDate "2013.04.25"]
[EventType "tourn (corr)"]
[EventRounds "10"]
[EventCountry "GER"]
[SourceTitle "Corr 2022"]
[Source "ChessBase"]
[SourceDate "2021.10.24"]
[SourceVersion "1"]
[SourceVersionDate "2021.10.24"]
[SourceQuality "1"]

1. Nf3 Nf6 2. d4 d6 3. c3 Nbd7 4. h3 e5 5. e3 g6 6. Be2 Bg7 7. 0-0 0-0 8. c4 Ne4 9. Qc2 f5 10. Nbd2 Nxd2 11. Bxd2 e4 12. Ne1 c6 13. Rc1 Nf6 14. Qb3 Qe7 15. Nc2 Be6 16. a4 a5 17. Qa3 Rfc8 18. b4 axb4 19. Bxb4 c5 20. Bc3 Qf7 21. dxc5 dxc5 22. Rb1 Ra7 23. Rfd1 Nd7 24. Qb3 Bxc3 25. Qxc3 Qf6 26. Qd2 b6 27. Na3 Rxa4 28. Nb5 Qe5 29. g3 Kg7 30. Rbc1 Kf8 31. Kg2 Rca8 32. Qe1 R4a5 33. Rb1 Kg7 34. Nc3 Rb8 35. Rd2 Raa8 36. Qc1 Nf6 37. Qb2 g5 38. Nb5 Qxb2 39. Rdxb2 Bd7 40. Nd6 Ra6 41. g4 fxg4 42. Bxg4 Nxg4 43. hxg4 b5 44. Rd2 b4 45. Kg3 Bc6 46. Nf5+ Kh8 47. Rd6 Rab6 48. Rb2 Be8 49. Rd5 Rc6 50. Ne7 Rc7 51. Re5 Bf7 52. Nd5 Bxd5 53. cxd5 c4 54. d6 Rcb7 55. Rc5 c3 56. Rb1 Kg7 57. f3 Kf7 58. Rc4 Ke6 59. d7 Kxd7 60. Rd1+ Ke8 61. f4 b3 62. Rxc3 b2 63. Rb1 Rb3 64. Rxb3 Rxb3 65. fxg5 Rxe3+ 66. Kf4 Re2 67. Kf5 Kf7 68. g6+ hxg6+ 69. Ke5 Ke7 70. g5 Kd7 71. Kd5 Kc7 72. Kd4 Kc6 73. Rf1 Kb5 74. Kc3 Rf2 0-1

[Event "BI-2011-P-00036"]
[Site "LSS email"]
[Date "2011.04.17"]
[Round "?"]
[White "Malkin, Alex"]
[Black "Neumann, Ulrich"]
[Result "1-0"]
[WhiteElo "2050"]
[BlackElo "1679"]
[PlyCount "77"]
[EventDate "2011.04.20"]
[EventType "tourn (corr)"]
[EventRounds "10"]
[EventCountry "GER"]
[SourceTitle "Telechess CBM 157"]
[Source "ChessBase"]
[SourceDate "2013.11.12"]
[SourceVersion "1"]
[SourceVersionDate "2013.11.12"]
[SourceQuality "1"]

1. e4 c5 2. c3 g6 3. Nf3 Bg7 4. d4 cxd4 5. cxd4 d5 6. e5 Bg4 7. Bb5+ Nd7 8. 0-0 e6 9. Nbd2 a6 10. Be2 Ne7 11. h3 Bxf3 12. Nxf3 0-0 13. Bd3 Nc6 14. Be3 Rc8 15. Rc1 f6 16. exf6 Qxf6 17. Re1 Nb4 18. Bf1 Qe7 19. Qa4 Nb8 20. Rxc8 Rxc8 21. Bg5 Qd6 22. Qb3 Re8 23. Rc1 N4c6 24. Qxb7 Nxd4 25. Nxd4 Bxd4 26. Rc7 Rf8 27. Be3 Qe5 28. Bxd4 Qxd4 29. Kh1 Qe5 30. f3 h5 31. Qb6 Qf6 32. Rb7 Qe5 33. Re7 a5 34. Rxe6 Nd7 35. Qa6 Qxb2 36. Rxg6+ Kh8 37. Rh6+ Kg8 38. Qe6+ Rf7 39. Rxh5 1-0

[Event "BI-2011-P-00036"]
[Site "LSS email"]
[Date "2011.04.17"]
[Round "?"]
[White "Trani, Francesco"]
[Black "Malkin, Alex"]
[Result "1/2-1/2"]
[WhiteElo "1820"]
[BlackElo "2050"]
[PlyCount "59"]
[EventDate "2011.04.20"]
[EventType "tourn (corr)"]
[EventRounds "10"]
[EventCountry "GER"]
[SourceTitle "Telechess CBM 155"]
[Source "ChessBase"]
[SourceDate "2013.07.16"]
[SourceVersion "1"]
[SourceVersionDate "2013.07.16"]
[SourceQuality "1"]

1. e4 Nf6 2. e5 Nd5 3. d4 d6 4. c4 Nb6 5. f4 dxe5 6. fxe5 Nc6 7. Be3 Bf5 8. Nc3 e6 9. Nf3 Be7 10. Be2 0-0 11. 0-0 f6 12. exf6 Bxf6 13. Qd2 Qe7 14. Rad1 Rad8 15. b3 h6 16. Qc1 a6 17. a3 e5 18. d5 Nd4 19. Nxd4 exd4 20. Bxd4 Bxd4+ 21. Rxd4 Bc2 22. Bd1 Rxf1+ 23. Kxf1 Qe5 24. Rf4 Bd3+ 25. Ne2 c6 26. Qd2 Nxd5 27. cxd5 Rxd5 28. g3 g5 29. Rf2 Qa1 30. Qe3 1/2-1/2

[Event "CP-2010-P-00034"]
[Site "LSS email"]
[Date "2010.09.28"]
[Round "?"]
[White "Tamashiro, Ariel"]
[Black "Malkin, Alex"]
[Result "0-1"]
[WhiteElo "1295"]
[BlackElo "2041"]
[PlyCount "74"]
[EventDate "2010.10.01"]
[EventType "tourn (corr)"]
[EventRounds "6"]
[EventCountry "GER"]
[SourceTitle "Telechess CBM 151"]
[Source "ChessBase"]
[SourceDate "2012.11.13"]
[SourceVersion "1"]
[SourceVersionDate "2012.11.13"]
[SourceQuality "1"]

1. e4 Nf6 2. e5 Nd5 3. d4 d6 4. Nf3 g6 5. Bc4 Nb6 6. Bb3 Bg7 7. Ng5 d5 8. f4 f6 9. Nf3 0-0 10. 0-0 Nc6 11. c3 Bg4 12. Nbd2 Qc8 13. a4 Na5 14. Ba2 c5 15. b4 cxb4 16. cxb4 Nac4 17. Qe2 a5 18. b5 Bf5 19. Nxc4 Nxc4 20. Nd2 Nxd2 21. Bxd2 e6 22. Rac1 Qd8 23. Rc5 Rf7 24. Rfc1 fxe5 25. fxe5 Bf8 26. R5c3 Bb4 27. Rb3 Rc8 28. Rxc8 Qxc8 29. Bxb4 axb4 30. Qd2 Rc7 31. Rb2 Rc1+ 32. Kf2 Qc3 33. a5 Bd3 34. a6 Qxd4+ 35. Kg3 Rc3 36. a7 Bf5+ 37. Qxc3 Qxc3+ 0-1

[Event "LSS WC-2014-P-00027"]
[Site "LSS email"]
[Date "2010.02.18"]
[Round "?"]
[White "Malkin, Alex"]
[Black "Sadowski, Marek"]
[Result "1/2-1/2"]
[WhiteElo "1986"]
[BlackElo "2174"]
[PlyCount "91"]
[EventDate "2010.02.24"]
[EventType "tourn (corr)"]
[EventRounds "6"]
[EventCountry "GER"]
[SourceTitle "Telechess CBM 141"]
[Source "ChessBase"]
[SourceDate "2011.03.17"]
[SourceVersion "1"]
[SourceVersionDate "2011.03.17"]
[SourceQuality "1"]

1. e4 c5 2. c3 Nf6 3. e5 Nd5 4. d4 cxd4 5. Nf3 Nc6 6. Bc4 Nb6 7. Bb3 d5 8. exd6 Qxd6 9. Na3 dxc3 10. Qxd6 exd6 11. Nb5 Rb8 12. bxc3 a6 13. Nbd4 Na5 14. 0-0 Nxb3 15. Re1+ Be7 16. axb3 f6 17. Bf4 Kf7 18. Rxe7+ Kxe7 19. Re1+ Kd8 20. Bxd6 Ra8 21. Bc5 Nd5 22. c4 Nc7 23. Be7+ Kd7 24. Ba3 a5 25. Re7+ Kd8 26. Rxg7 Ne8 27. Rf7 Bd7 28. Nd2 a4 29. b4 Rg8 30. Rxh7 Rg4 31. Ne2 Rg7 32. Rh4 Re7 33. Nc3 Be6 34. Kf1 Bf5 35. f3 Rd7 36. Ke2 Rd3 37. Ndb1 Ra6 38. b5 Re6+ 39. Kf2 Rd7 40. c5 Bc2 41. Bb4 Re5 42. Ba5+ Ke7 43. c6 bxc6 44. bxc6 Rd3 45. c7 Kd7 46. Nxa4 1/2-1/2

[Event "LSS WC-2014-P-00027"]
[Site "LSS email"]
[Date "2010.02.18"]
[Round "?"]
[White "Malkin, Alex"]
[Black "Schubert, Kristian"]
[Result "1-0"]
[WhiteElo "1991"]
[BlackElo "1406"]
[PlyCount "95"]
[EventDate "2010.02.24"]
[EventType "tourn (corr)"]
[EventRounds "6"]
[EventCountry "GER"]
[SourceTitle "Telechess CBM 141"]
[Source "ChessBase"]
[SourceDate "2011.03.17"]
[SourceVersion "1"]
[SourceVersionDate "2011.03.17"]
[SourceQuality "1"]

1. e4 e5 2. Nf3 Nf6 3. Nxe5 d6 4. Nf3 Nxe4 5. d4 d5 6. Bd3 Be7 7. 0-0 0-0 8. Re1 Re8 9. Bxe4 dxe4 10. Rxe4 Bf5 11. Re1 Nc6 12. c3 Qd7 13. Bf4 Bf8 14. Nbd2 Rxe1+ 15. Qxe1 Ne7 16. Qf1 Nd5 17. Bg3 Re8 18. a3 f6 19. Re1 Rxe1 20. Qxe1 Bg6 21. c4 Nb6 22. h3 c6 23. c5 Nd5 24. Nc4 Bh5 25. Nfd2 g5 26. Bd6 Bg7 27. Nf1 b6 28. Nfe3 Qe6 29. Qd2 Nf4 30. a4 h6 31. b3 Bg6 32. Bb8 Qe7 33. cxb6 axb6 34. Bxf4 gxf4 35. Nf1 b5 36. Nb6 bxa4 37. bxa4 Qe4 38. Qd1 Qe7 39. a5 Kh7 40. Nd2 Qa7 41. Ndc4 Be4 42. Nc8 Qa6 43. N4d6 Qd3 44. Qxd3 Bxd3 45. Nb7 Bf8 46. Nb6 Bb5 47. Nd7 Bb4 48. Nxf6+ 1-0

[Event "LSS BI-2009-F-00004"]
[Site "LSS email"]
[Date "2010.02.15"]
[Round "?"]
[White "Bergmann, Paulo Fernando Brit"]
[Black "Malkin, Alex"]
[Result "1/2-1/2"]
[WhiteElo "1908"]
[BlackElo "1996"]
[PlyCount "109"]
[EventDate "2010.02.17"]
[EventType "tourn (corr)"]
[EventRounds "10"]
[EventCountry "GER"]
[SourceTitle "Corr 2013"]
[Source "ChessBase"]
[SourceDate "2012.11.12"]
[SourceVersion "1"]
[SourceVersionDate "2012.11.12"]
[SourceQuality "1"]

1. d4 e6 2. c4 f5 3. g3 Nf6 4. Bg2 c6 5. Nh3 d5 6. 0-0 Bd6 7. b3 0-0 8. Ba3 Bxa3 9. Nxa3 Qe7 10. Qc1 b6 11. Nf4 Bb7 12. Nd3 Nbd7 13. Qb2 c5 14. e3 Rac8 15. Rac1 Ne4 16. cxd5 exd5 17. Nb5 c4 18. bxc4 dxc4 19. Qb4 Qxb4 20. Nxb4 a5 21. Nc2 c3 22. f3 Nd2 23. Rf2 Rf6 24. Ne1 Re6 25. e4 fxe4 26. Bh3 Re7 27. Nd6 Rc7 28. Nxb7 Rxb7 29. Rxc3 Nxf3+ 30. Nxf3 exf3 31. Rfxf3 g6 32. Rf1 Kg7 33. Bg2 Ra7 34. Rc2 b5 35. d5 Ne5 36. Rc5 Nf7 37. Rxb5 Re2 38. a3 Ra2 39. Rb3 Rc7 40. h4 Rcc2 41. Bh3 Nd6 42. Re1 Nf5 43. Rd1 Rh2 44. Bf1 Rhd2 45. Rxd2 Rxd2 46. Bg2 Kf6 47. Rb6+ Ke5 48. Re6+ Kd4 49. h5 Nxg3 50. d6 Kc5 51. hxg6 hxg6 52. Rxg6 Ne2+ 53. Kf2 Nf4+ 54. Ke3 Nxg6 55. Kxd2 1/2-1/2

[Event "LSS BI-2009-F-00004"]
[Site "LSS email"]
[Date "2010.02.15"]
[Round "?"]
[White "Malkin, Alex"]
[Black "Caillet, Serge"]
[Result "1-0"]
[WhiteElo "1924"]
[BlackElo "2046"]
[PlyCount "37"]
[EventDate "2010.02.17"]
[EventType "tourn (corr)"]
[EventRounds "10"]
[EventCountry "GER"]
[SourceTitle "Corr 2013"]
[Source "ChessBase"]
[SourceDate "2012.11.12"]
[SourceVersion "1"]
[SourceVersionDate "2012.11.12"]
[SourceQuality "1"]

1. e4 c5 2. c3 g6 3. Nf3 Bg7 4. d4 cxd4 5. cxd4 d5 6. e5 Nh6 7. Bf4 f6 8. exf6 exf6 9. Nc3 Nc6 10. Qb3 g5 11. Be3 Ne7 12. Bb5+ Kf7 13. 0-0 Nhf5 14. Bd3 Nxe3 15. fxe3 Bh6 16. Ne5+ Kg7 17. Rxf6 Kxf6 18. Rf1+ Ke6 19. e4 1-0

[Event "LSS ZI-2009-0-00610"]
[Site "LSS email"]
[Date "2009.12.25"]
[Round "?"]
[White "Rattay, Walter"]
[Black "Malkin, Alex"]
[Result "0-1"]
[WhiteElo "1912"]
[BlackElo "1898"]
[PlyCount "29"]
[EventDate "2009.12.15"]
[EventType "match (corr)"]
[EventRounds "2"]
[EventCountry "GER"]
[SourceTitle "Corr 2013"]
[Source "ChessBase"]
[SourceDate "2012.11.12"]
[SourceVersion "1"]
[SourceVersionDate "2012.11.12"]
[SourceQuality "1"]

1. Nf3 e6 2. c4 f5 3. g3 Nf6 4. Bg2 d5 5. 0-0 Bd6 6. d3 0-0 7. cxd5 exd5 8. Nc3 Na6 9. e4 fxe4 10. dxe4 dxe4 11. Ng5 Nc5 12. Ncxe4 Nfxe4 13. Nxe4 Be7 14. Qb3+ Nxb3 15. axb3 0-1

[Event "LSS CP-2009-P-00056"]
[Site "LSS email"]
[Date "2009.09.27"]
[Round "?"]
[White "Malkin, Alex"]
[Black "Ribelles Sala, Maria Magdalena"]
[Result "1-0"]
[WhiteElo "1885"]
[BlackElo "1364"]
[PlyCount "65"]
[EventDate "2009.10.01"]
[EventType "tourn (corr)"]
[EventRounds "6"]
[EventCountry "GER"]
[SourceTitle "Telechess CBM 137"]
[Source "ChessBase"]
[SourceDate "2010.07.15"]
[SourceVersion "1"]
[SourceVersionDate "2010.07.15"]
[SourceQuality "1"]

1. e4 e5 2. Nf3 Nc6 3. d4 exd4 4. Nxd4 Bc5 5. Nb3 Bb6 6. Nc3 d6 7. a4 Qf6 8. f3 Qh4+ 9. g3 Qh5 10. Bf4 Nf6 11. h4 Ba5 12. g4 Bxc3+ 13. bxc3 Nxg4 14. fxg4 Bxg4 15. Be2 Bxe2 16. Qxe2 Qg6 17. 0-0-0 Qf6 18. Qf3 0-0 19. Rhg1 Rfe8 20. Nd4 Nxd4 21. cxd4 a6 22. Rdf1 g6 23. e5 dxe5 24. Bxe5 Qxf3 25. Rxf3 c5 26. c3 Rac8 27. Kb2 Re6 28. Rf6 cxd4 29. cxd4 Rcc6 30. Rgf1 Rxf6 31. Rxf6 Kf8 32. Rxc6 bxc6 33. Kc3 1-0

[Event "LSS SC-2009-0-00037"]
[Site "LSS email"]
[Date "2009.07.31"]
[Round "?"]
[White "Malkin, Alex"]
[Black "Henke, Simon"]
[Result "1-0"]
[WhiteElo "1533"]
[BlackElo "1682"]
[PlyCount "77"]
[EventDate "2009.06.04"]
[EventType "tourn (corr)"]
[EventRounds "6"]
[EventCountry "GER"]
[SourceTitle "Corr 2011"]
[Source "ChessBase"]
[SourceDate "2010.08.31"]
[SourceVersion "1"]
[SourceVersionDate "2010.08.31"]
[SourceQuality "1"]

1. e4 e6 2. d4 d5 3. e5 c5 4. c3 Nc6 5. Nf3 Bd7 6. Be2 Nge7 7. Na3 cxd4 8. cxd4 Nf5 9. Nc2 Qb6 10. 0-0 Be7 11. Rb1 0-0 12. g4 Nh4 13. Nxh4 Bxh4 14. g5 Ne7 15. Ne1 Rac8 16. Ng2 Ng6 17. Be3 f6 18. f4 fxg5 19. fxg5 Rxf1+ 20. Bxf1 Rf8 21. Qh5 Bf2+ 22. Bxf2 Rxf2 23. Kxf2 Qxd4+ 24. Ne3 Qf4+ 25. Qf3 Qxh2+ 26. Ng2 Qxe5 27. Bd3 Qxg5 28. Bxg6 Qxg6 29. Rc1 Bc6 30. Nf4 Qf6 31. Nd3 Qe7 32. Qf4 h6 33. Qe5 Qh4+ 34. Ke2 Qg4+ 35. Kd2 Kh7 36. Nf4 h5 37. Rh1 g6 38. Rf1 Bd7 39. Nd3 1-0

[Event "LSS RD-2009-0-00024"]
[Site "LSS email"]
[Date "2009.07.23"]
[Round "?"]
[White "Nemeth, Laszlo"]
[Black "Malkin, Alex"]
[Result "0-1"]
[WhiteElo "1408"]
[BlackElo "1533"]
[PlyCount "62"]
[EventDate "2009.04.23"]
[EventType "tourn (corr)"]
[EventRounds "6"]
[EventCountry "GER"]
[SourceTitle "Corr 2011"]
[Source "ChessBase"]
[SourceDate "2010.08.31"]
[SourceVersion "1"]
[SourceVersionDate "2010.08.31"]
[SourceQuality "1"]

1. d4 e6 2. e4 d5 3. Nc3 dxe4 4. Nxe4 Nf6 5. Nxf6+ gxf6 6. Nf3 b6 7. Bb5+ c6 8. Bd3 Qc7 9. 0-0 Nd7 10. a4 Bb7 11. Re1 c5 12. a5 bxa5 13. Bd2 cxd4 14. Nxd4 Rg8 15. g3 Bc5 16. Qh5 0-0-0 17. Bxa5 Nb6 18. c3 f5 19. Qxh7 Rh8 20. Qg7 Rdg8 21. Qf6 f4 22. Bxb6 Bxb6 23. Re5 Rh6 24. Qxh6 Qxe5 25. Kf1 Qd5 26. Qh7 Rd8 27. Ke2 e5 28. Qf5+ Kb8 29. b4 Bxd4 30. cxd4 Qxd4 31. Rd1 f3+ 0-1